[Event "Blackburne Friday Night Marathon"]
[Site "Berkeley"]
[Date "2009.03.27"]
[Round "3.3"]
[White "Andries, W Craig"]
[Black "Muntean, Tudor"]
[Result "1/2-1/2"]
[WhiteElo "1867"]
[BlackElo "1456"]
[PlyCount "66"]
[EventDate "2009.??.??"]
[SourceDate "2007.10.22"]

1. e4 c6 2. d3 d5 3. Nd2 e5 4. Ngf3 Bg4 5. g3 Nd7 6. Bg2 Ngf6 7. O-O Bc5 8. Qe1
Qc7 9. exd5 cxd5 10. d4 Bd6 11. dxe5 Nxe5 12. Nxe5 Bxe5 13. f4 O-O 14. fxe5
Rfe8 15. Qf2 Rxe5 16. Qd4 Be2 17. Rf2 Rae8 18. Nf1 Qxc2 19. Ne3 Qd3 20. Qxd3
Bxd3 21. Nf1 Re1 22. Bf3 Ne4 23. Bxe4 dxe4 24. Kg2 e3 25. Nxe3 R8xe3 26. Bxe3
Be4+ 27. Kh3 Rxa1 28. Rd2 h6 29. a3 g6 30. g4 Rf1 31. Bf2 Rc1 32. Rd4 Rf1 33.
Kg3 Bc6 1/2-1/2

[Event "Blackburne Friday Night Marathon"]
[Site "Berkeley"]
[Date "2009.04.10"]
[Round "5.3"]
[White "Andries, W Craig"]
[Black "Sherwood, Peter"]
[Result "1-0"]
[WhiteElo "1867"]
[BlackElo "1703"]
[PlyCount "47"]
[EventDate "2009.??.??"]
[SourceDate "2007.10.22"]

1. Nf3 d5 2. d3 Nf6 3. Nbd2 Nc6 4. e4 dxe4 5. dxe4 e5 6. g3 Bc5 7. Bg2 Be6 8.
O-O Qd7 9. c3 a6 10. Qe2 O-O 11. Nc4 Bg4 12. Bg5 Qe6 13. Bxf6 Qxf6 14. Ne3 Be6
15. Nd5 Qd8 16. Rad1 Bd6 17. h4 Bg4 18. b4 Qd7 19. Ne3 Rad8 20. Nxg4 Qxg4 21.
Kh2 f5 22. Qc4+ Kh8 23. Ng5 Rd7 24. Bf3 1-0

[Event "Berkeley CC FNM; 30/90, SD/30"]
[Site "Berkeley"]
[Date "2009.05.29"]
[Round "5"]
[White "Andries, W Craig"]
[Black "Watson, Farid"]
[Result "1-0"]
[WhiteElo "1866"]
[BlackElo "1960"]
[PlyCount "93"]
[EventDate "2009.??.??"]
[SourceDate "2007.10.22"]

1. Nf3 g6 2. d3 Bg7 3. e4 d6 4. g3 Bg4 5. Nbd2 e6 6. c3 c5 7. e5 Bxf3 8. Qxf3
d5 9. d4 Ne7 10. Nb3 cxd4 11. cxd4 Qb6 12. Bd2 Nbc6 13. Bc3 Nf5 14. Qd3 a6 15.
Bh3 Nb4 16. Qd1 h5 17. Bxf5 gxf5 18. h4 Nc6 19. f4 Bf8 20. O-O Be7 21. Kh2 Kd7
22. Rc1 Rag8 23. Be1 Rg4 24. Rf3 Ke8 25. Qe2 Kf8 26. Bf2 Kg7 27. Nc5 Bxc5 28.
Rxc5 Rc8 29. Rb3 Qc7 30. Qd2 Qd7 31. a4 Kh6 32. a5 Rgg8 33. Rb6 Rc7 34. Qd3
Rgc8 35. b4 Na7 36. Qxf5 Qe7 37. Qd3 f5 38. Qxf5 Rc6 39. Qd3 Rf8 40. Be3 Rf5
41. Rbxc6 Nxc6 42. Bd2 Na7 43. Rxd5 Nb5 44. Rc5 Kg6 45. d5 Kf7 46. Rc8 Nc7 47.
d6 1-0

[Event "BCC Josh Friedel Marathon"]
[Site "Berkeley"]
[Date "2008.08.08"]
[Round "5.11"]
[White "Arbatman, Ilya"]
[Black "Morgan, Jerry"]
[Result "0-1"]
[WhiteElo "1360"]
[BlackElo "1425"]
[PlyCount "70"]
[EventDate "2008.??.??"]
[SourceDate "2007.10.22"]

1. e4 c6 2. d4 d5 3. Nc3 dxe4 4. Nxe4 Bf5 5. Nc5 Qb6 6. Qd2 e6 7. b4 Nf6 8. Bc4
Bd6 9. f3 O-O 10. Ba3 Qc7 11. g3 b6 12. Nb3 Nbd7 13. O-O-O a5 14. Kb1 Nd5 15.
Bxd5 cxd5 16. Na1 Rfc8 17. Rc1 Qc4 18. g4 Bg6 19. Nb3 axb4 20. Bb2 Qa6 21. a3
bxa3 22. Bc3 Qc4 23. Ne2 Qxb3+ 24. Ka1 a2 25. h4 h6 26. Bb2 Qxf3 27. Rhg1 Qe4
28. Nc3 Qf4 29. Qxf4 Bxf4 30. Rcf1 Be3 31. Rg3 Bxd4 32. Nxa2 Bxb2+ 33. Kxb2
Rxc2+ 34. Kb3 Raxa2 35. Kb4 Rab2+ 0-1

[Event "Blackburne Friday Night Marathon"]
[Site "Berkeley"]
[Date "2009.03.13"]
[Round "1"]
[White "Askin, David Benjamin"]
[Black "Zhang, Jeffrey"]
[Result "0-1"]
[WhiteElo "1768"]
[BlackElo "1337"]
[PlyCount "56"]
[EventDate "2009.??.??"]
[SourceDate "2007.10.22"]

1. e4 e6 2. d4 d5 3. Nc3 dxe4 4. Nxe4 Nd7 5. Bb5 c6 6. Ba4 Ngf6 7. Bg5 Qa5+ 8.
Nc3 Qxg5 9. Nf3 Qa5 10. O-O Bb4 11. Bb3 Bxc3 12. bxc3 Qxc3 13. Re1 O-O 14. Ng5
Nb6 15. Re3 Qa5 16. Re5 Qb4 17. a3 Qd6 18. c4 c5 19. Nf3 Nbd7 20. Re3 cxd4 21.
c5 Nxc5 22. Bc2 Rd8 23. Re5 d3 24. Bb1 b6 25. Re1 Bb7 26. Ra2 Ng4 27. Bxd3 Qxd3
28. Rd2 Bxf3 0-1

[Event "Berkeley CC Christiansen FNM; 30/90, SD/"]
[Site "Berkeley"]
[Date "2012.05.25"]
[Round "3.10"]
[White "Auyoung, Nathan"]
[Black "Glasscoe, Alan"]
[Result "1/2-1/2"]
[WhiteElo "1371"]
[BlackElo "1800"]
[PlyCount "74"]
[EventDate "2012.??.??"]

1. e4 Nc6 2. d4 d5 3. e5 Bf5 4. Bb5 e6 5. Bxc6+ bxc6 6. Nf3 Ne7 7. Bg5 Qd7 8.
Be3 Bg6 9. Nbd2 Nf5 10. O-O c5 11. c3 cxd4 12. cxd4 c5 13. Rc1 Nxe3 14. fxe3 c4
15. Ng5 h6 16. Nh3 Be7 17. Nf4 Bg5 18. b3 Bxf4 19. exf4 cxb3 20. Nxb3 O-O 21.
Nc5 Qe7 22. Qg4 Bf5 23. Qh5 Rab8 24. Qd1 Rb2 25. Rf2 Rfb8 26. Rxb2 Rxb2 27. a3
Qh4 28. Qf3 g5 29. Qg3 Qxf4 30. Qxf4 gxf4 31. Rf1 Re2 32. Rxf4 Kg7 33. Rf2 Re3
34. Rf3 Re1+ 35. Kf2 Rd1 36. Ke3 h5 37. Rg3+ Kf8 1/2-1/2

[Event "Berkeley CC Ch2011 FNM; 30/90, SD/30"]
[Site "Berkeley"]
[Date "2011.12.16"]
[Round "7"]
[White "Auyoung, Nathan"]
[Black "Landrum, Brett"]
[Result "0-1"]
[WhiteElo "1347"]
[BlackElo "1574"]
[PlyCount "67"]
[EventDate "2011.??.??"]
[SourceDate "2007.10.22"]

1. e4 e5 2. Nf3 Nc6 3. Nc3 Nf6 4. Bc4 h6 5. d3 Bb4 6. Bd2 O-O 7. a3 Ba5 8. Qe2
d6 9. h3 Be6 10. b4 Bb6 11. Bd5 Bxd5 12. exd5 Ne7 13. O-O Nexd5 14. Nxd5 Nxd5
15. Nxe5 dxe5 16. Qxe5 Nf6 17. Qg3 Qd6 18. Bf4 Qc6 19. Be5 Nh5 20. Qh4 Qg6 21.
g4 Nf6 22. Kh1 Nh7 23. f4 f6 24. Bb2 Rfe8 25. Rae1 Rxe1 26. Rxe1 Re8 27. Rf1
Re2 28. Bc1 Qf7 29. Qg3 Qd5+ 30. Qf3 Qxf3+ 31. Rxf3 Rxc2 32. Rf1 Rc3 33. Rd1 --
{apparently B made an illegal move here, Nh7-f7} 34. Kg2 0-1

[Event "Berkeley CC Colle FNM; 30/90, SD/30"]
[Site "Berkeley"]
[Date "2011.06.10"]
[Round "1.8"]
[White "Auyoung, Nathan"]
[Black "Muntean, Tudor"]
[Result "0-1"]
[WhiteElo "1291"]
[BlackElo "1755"]
[PlyCount "75"]
[EventDate "2011.??.??"]
[SourceDate "2007.10.22"]

1. e4 d5 2. exd5 Nf6 3. c4 e6 4. dxe6 Bxe6 5. d4 Bb4+ 6. Bd2 Qe7 7. Be2 Bxc4 8.
Nf3 Nc6 9. Bxb4 Qxb4+ 10. Qd2 Bxe2 11. Kxe2 Qe7+ 12. Qe3 Ne4 13. Nbd2 f5 14. g4
fxg4 15. Ne5 Nxd2 16. Nxc6 Qxe3+ 17. fxe3 Nf3 18. Nb4 O-O 19. Nd5 c6 20. Nf4
Nxd4+ 21. Kf2 Nc2 22. Rag1 Nxe3 23. Kxe3 Rae8+ 24. Ne6 Rxe6+ 25. Kd4 Rf4+ 26.
Kd3 c5 27. Rc1 Rd4+ 28. Kc2 Re2+ 29. Kb1 Rdd2 30. Rc2 Rxc2 31. b3 Rxh2 32. a4
Rxh1+ 33. Kxc2 g3 34. Kd3 g2 35. Ke4 g1=Q 36. Ke5 Qd4+ 37. Kf5 g6+ 38. Kg5 0-1

[Event "Berkeley CS Rubinstein FNM; 30/90, SD/3"]
[Site "Berkeley"]
[Date "2011.07.29"]
[Round "1.5"]
[White "Baraz, Adam"]
[Black "Chamberlain, Ethan"]
[Result "1-0"]
[WhiteElo "1625"]
[BlackElo "1931"]
[PlyCount "89"]
[EventDate "2011.??.??"]
[SourceDate "2007.10.22"]

1. c4 e5 2. Nc3 Nf6 3. g3 d5 4. cxd5 Nxd5 5. Bg2 Nb6 6. Nf3 Nc6 7. O-O Be7 8.
d3 Be6 9. a3 O-O 10. b4 Nd4 11. Bb2 Nxf3+ 12. Bxf3 c6 13. Ne4 Qc7 14. Qc2 Bd5
15. Nd2 Rac8 16. e4 Be6 17. Nc4 Bf6 18. Bg2 Nd7 19. Kh1 c5 20. Ne3 Qd6 21. Nc4
Bxc4 22. dxc4 b5 23. Rad1 Qe6 24. Rd5 cxb4 25. Rfd1 Rxc4 26. Qd2 Nc5 27. axb4
Nb3 28. Qd3 Nd4 29. Rc5 Rd8 30. Rxb5 Nc6 31. Rd5 Rd4 32. Bxd4 Nxd4 33. Rxd8+
Bxd8 34. f4 Bb6 35. fxe5 Qxe5 36. Qc4 g6 37. Rf1 Ne6 38. Bh3 Ng5 39. Bg2 h6 40.
Qd5 Qc3 41. b5 Kf8 42. Qd6+ Kg8 43. Qf4 Kh7 44. h4 Bc7 45. Qg4 1-0

[Event "Berkeley CC Capablanca FNM; 30/90, SD/3"]
[Site "Berkeley"]
[Date "2011.10.21"]
[Round "6.15"]
[White "Baraz, Adam"]
[Black "Deng, David"]
[Result "1-0"]
[WhiteElo "1690"]
[BlackElo "1414"]
[PlyCount "107"]
[EventDate "2011.??.??"]
[SourceDate "2007.10.22"]

1. c4 c5 2. Nc3 Nc6 3. g3 Nf6 4. Bg2 e6 5. e4 g6 6. Nge2 Bg7 7. O-O O-O 8. d3
Qc7 9. Bf4 e5 10. Be3 d6 11. f3 Be6 12. Qd2 Rfd8 13. g4 Qe7 14. Bg5 Nd4 15. h3
Rac8 16. f4 Nxe2+ 17. Nxe2 h6 18. Bh4 exf4 19. g5 hxg5 20. Bxg5 Nxe4 21. Bxe7
Nxd2 22. Rxf4 Rd7 23. Bf6 Bxf6 24. Rxf6 Bf5 25. Nf4 Kg7 26. Rxf5 gxf5 27. Rd1
Nxc4 28. dxc4 a6 29. Rd5 Kf6 30. Kf2 Re8 31. Nd3 Rh8 32. Nxc5 Rc7 33. Rxd6+ Ke7
34. Rd5 b6 35. Nxa6 Rxc4 36. Rd2 Ra4 37. Nc7 Rxa2 38. Nd5+ Ke6 39. Nxb6 Ra6 40.
Nc4 Rh4 41. Bd5+ Kf6 42. Kg3 Rh5 43. h4 Ra1 44. Bf3 Rh8 45. h5 Ra4 46. b3 Rb4
47. Bd1 Kg5 48. Rh2 f4+ 49. Kf2 Rbb8 50. Ne5 Rh7 51. Rg2+ Kf5 52. Bc2+ Kxe5 53.
Bxh7 Rxb3 54. Bc2 {remainder illegible} 1-0

[Event "Berkeley CC Reti FNM; 30/90, SD/60"]
[Site "Berkeley"]
[Date "2011.04.22"]
[Round "1.2"]
[White "Belanoff, Ted"]
[Black "Hua, Arnold"]
[Result "1-0"]
[WhiteElo "2043"]
[BlackElo "1896"]
[PlyCount "51"]
[EventDate "2011.??.??"]
[SourceDate "2007.10.22"]

1. e4 e5 2. Bc4 Nf6 3. d3 Nc6 4. Bg5 h6 5. Bh4 Bc5 6. Nc3 d6 7. Nd5 g5 8. Bg3
Nxd5 9. Bxd5 Qf6 10. c3 Ne7 11. Qf3 Nxd5 12. exd5 Qg6 13. h4 f5 14. Qe2 Kf7 15.
b4 Bb6 16. Bxe5 dxe5 17. Nf3 Re8 18. hxg5 hxg5 19. Nxe5+ Rxe5 20. Qxe5 Bd7 21.
O-O-O Re8 22. Qh2 Kg7 23. Kb2 Bxf2 24. Qxc7 Qf7 25. Qd6 Rh8 26. Qe5+ 1-0

[Event "Berkeley CC De Firmian FNM; 30/90, SD/30"]
[Site "Berkeley"]
[Date "2012.04.06"]
[Round "2.6"]
[White "Bultman, Charles"]
[Black "Poehlmann, Roger M"]
[Result "0-1"]
[WhiteElo "1748"]
[BlackElo "2256"]
[PlyCount "74"]
[EventDate "2012.??.??"]

1. e4 c5 2. Nf3 e6 3. d4 cxd4 4. Nxd4 Nc6 5. Be2 Qc7 6. Nc3 a6 7. O-O b5 8. a3
Bb7 9. Kh1 Nf6 10. f4 Nxd4 11. Qxd4 Bc5 12. Qd3 d6 13. Bf3 h5 14. Be3 Ng4 15.
Bxc5 Qxc5 16. Nd1 Rc8 17. c3 g5 18. Bxg4 hxg4 19. Ne3 g3 20. h3 f5 21. Kg1 Bxe4
22. Qd4 Qxd4 23. cxd4 gxf4 24. Rxf4 O-O 25. Rd1 e5 26. dxe5 dxe5 27. Rh4 f4 28.
Rg4+ Kf7 29. Rd7+ Ke6 30. Rd1 Rfd8 31. Rxd8 Rxd8 32. Kf1 Bd3+ 33. Ke1 fxe3 34.
Rxg3 e2 35. h4 e4 36. h5 Rc8 37. Kf2 Rf8+ 0-1

[Event "Berkeley CC Reti FNM; 30/90, SD/60"]
[Site "Berkeley"]
[Date "2011.05.13"]
[Round "4.14"]
[White "Cacho, Robert Amil"]
[Black "Li, William J"]
[Result "0-1"]
[WhiteElo "1046"]
[BlackElo "1264"]
[PlyCount "34"]
[EventDate "2011.??.??"]
[SourceDate "2007.10.22"]

1. e4 c6 2. Nc3 d5 3. d3 e5 4. Nf3 Bg4 5. Be2 d4 6. Nb1 Nd7 7. h3 Be6 8. Bg5
Be7 9. h4 h6 10. Bxe7 Nxe7 11. Nbd2 Qb6 12. g3 O-O-O 13. Nc4 Bxc4 14. dxc4 f6
15. Bd3 Nc5 16. Nh2 h5 17. g4 g6 {remainder illegible} 0-1

[Event "Purdy FNM; 30/90, SD/30"]
[Site "?"]
[Date "2010.01.29"]
[Round "4"]
[White "Cao, Joshua"]
[Black "Landrum, Brett"]
[Result "1-0"]
[WhiteElo "1595"]
[BlackElo "1538"]
[PlyCount "61"]
[EventDate "2010.01.30"]
[SourceDate "2007.10.22"]

1. e4 e5 2. f4 d6 3. Bc4 Nf6 4. Nc3 exf4 5. Nf3 Bg4 6. d4 Qe7 7. O-O Nc6 8.
Bxf4 O-O-O 9. Bg5 h6 10. Nd5 Qxe4 11. Nxf6 Qg6 12. Nxg4 hxg5 13. Qd2 Be7 14. d5
Nb8 15. Rae1 Bf6 16. Nxf6 gxf6 17. Bd3 Qh5 18. Bf5+ Nd7 19. g4 Qh6 20. Re7 Qg7
21. Rfe1 Rhf8 22. Qe2 Qh8 23. c4 Qg8 24. Nd4 Qh8 25. b4 Qg8 26. c5 dxc5 27.
bxc5 c6 28. dxc6 bxc6 29. Qa6+ Kb8 30. Rb1+ Nb6 31. Qxa7# 1-0

[Event "David Pruess FNM; 30/90, SD/30"]
[Site "Berkeley"]
[Date "2008.10.03"]
[Round "5.13"]
[White "Carmone, Nicholas"]
[Black "Magganas, Alexander"]
[Result "1-0"]
[WhiteElo "423"]
[BlackElo "1078"]
[PlyCount "63"]
[EventDate "2008.??.??"]
[SourceDate "2007.10.22"]

1. e4 e5 2. Nf3 Nc6 3. Bb5 a6 4. Ba4 Nf6 5. Nc3 b5 6. Bb3 Bc5 7. d4 Nxd4 8. Bg5
Nxb3 9. axb3 Bb4 10. O-O Bxc3 11. bxc3 d6 12. c4 Bb7 13. Nd2 h6 14. Bxf6 Qxf6
15. Qf3 Qxf3 16. gxf3 Kd7 17. Ra5 c5 18. cxb5 axb5 19. Rxb5 Ba6 20. c4 Bxb5 21.
cxb5 Rab8 22. Ra1 Ke6 23. Ra5 Rb6 24. Nc4 Rb7 25. Ra6 Rd8 26. Na5 Rxb5 27. Nc6
Rd7 28. b4 cxb4 29. f4 f6 30. Ra8 b3 31. Rf8 b2 32. f5# 1-0

[Event "BCC Grand ReOpening 2007"]
[Site "?"]
[Date "2007.10.07"]
[Round "5"]
[White "Ceponis, Dave"]
[Black "Lee, Gabriel"]
[Result "1/2-1/2"]
[WhiteElo "1741"]
[BlackElo "1271"]
[PlyCount "86"]
[EventDate "2007.??.??"]
[SourceDate "2007.10.22"]

1. d4 Nf6 2. Nf3 g6 3. e3 Bg7 4. Nbd2 d5 5. c4 c6 6. Be2 O-O 7. b3 Bf5 8. Bb2
Nbd7 9. Nh4 Be6 10. g4 h6 11. Rg1 Nh7 12. Qc2 Qc7 13. Rg2 Ndf6 14. O-O-O Qd7
15. Rdg1 Rac8 16. f4 Qd8 17. Bd3 dxc4 18. Nxc4 c5 19. Kb1 cxd4 20. Bxd4 b5 21.
g5 hxg5 22. fxg5 Ne8 23. Bxg7 Nxg7 24. Nxg6 fxg6 25. Bxg6 Bf5 26. Bxh7+ Kh8 27.
e4 Bxh7 28. g6 Bg8 29. Rg3 Be6 30. Qc1 Rf6 31. Qh6+ Kg8 32. Ne5 Qd4 33. Re1
Qxe5 34. Qh7+ Kf8 35. Qh8+ Bg8 36. Rge3 Rc3 37. Qh3 Rxe3 38. Qc8+ Ne8 39. g7+
Kf7 40. Rxe3 Qd6 41. Qc1 Qf4 42. Qd2 Kxg7 43. Rg3+ Qxg3 1/2-1/2

[Event "BCC Josh Friedel Marathon"]
[Site "Berkeley"]
[Date "2008.08.15"]
[Round "6.6"]
[White "Ceponis, David"]
[Black "Strand, Douglas"]
[Result "1-0"]
[WhiteElo "1666"]
[BlackElo "1207"]
[PlyCount "77"]
[EventDate "2008.??.??"]
[SourceDate "2007.10.22"]

1. d4 b5 2. Nf3 Bb7 3. e3 a6 4. Bd3 e6 5. Nbd2 Nf6 6. O-O c5 7. c3 c4 8. Bc2
Nc6 9. e4 d6 10. Qe2 Be7 11. e5 dxe5 12. dxe5 Nd5 13. Ne4 h6 14. Be3 Qc7 15.
Nc5 Nxe5 16. Nxb7 Nxf3+ 17. Qxf3 Qxb7 18. Be4 Rd8 19. Rfd1 f5 20. Qh5+ Kd7 21.
Bxd5 exd5 22. Qxf5+ Kc6 23. Rd2 Bc5 24. Bd4 Bxd4 25. Rxd4 Rhf8 26. Qc2 Qf7 27.
Rad1 Qf5 28. Qd2 Rfe8 29. b3 Re4 30. bxc4 bxc4 31. Qb2 Rde8 32. Rxe4 Qxe4 33.
Rf1 Qe2 34. Qa3 Ra8 35. Qa4+ Kc7 36. Qa5+ Kc6 37. Rb1 Rb8 38. Qxa6+ Kc7 39.
Qa7+ 1-0

[Event "Berkeley CC Ch2011 FNM; 30/90, SD/30"]
[Site "Berkeley"]
[Date "2011.12.02"]
[Round "5.8"]
[White "Chamberlain, Ethan"]
[Black "Colchero, Alex"]
[Result "1/2-1/2"]
[WhiteElo "1925"]
[BlackElo "1639"]
[PlyCount "97"]
[EventDate "2011.??.??"]
[SourceDate "2007.10.22"]

1. e4 e5 2. Nf3 d6 3. d4 exd4 4. Nxd4 Nf6 5. Nc3 Be7 6. Be2 O-O 7. O-O Re8 8.
f4 c5 9. Nb3 Nc6 10. Bf3 Bf8 11. Kh1 a6 12. Be3 Qc7 13. Nd5 Nxd5 14. Qxd5 b5
15. e5 Bb7 16. exd6 Bxd6 17. Nxc5 Bxc5 18. Qxc5 Re7 19. Qb6 Rae8 20. Qxc7 Rxc7
21. Bb6 Rce7 22. c3 Nb8 23. Bc5 Rc7 24. Bxb7 Rxb7 25. Rfe1 Rc8 26. Re2 Nd7 27.
Bb4 Nf6 28. Rae1 h6 29. g3 Rd7 30. Kg2 Kh7 31. Ba5 Kg6 32. Bb6 Rb8 33. Bd4 b4
34. Re7 Rd5 35. Ra7 Ra5 36. cxb4 Rxa2 37. Ree7 Rxb4 38. Bc5 Rb3 39. Be3 Ng4 40.
Bd4 Rd3 41. Red7 Rd2+ 42. Kf3 Nxh2+ 43. Ke3 Nf1+ 44. Kf3 Ra1 45. g4 Rad1 46.
Rxa6+ f6 47. Raa7 Rd3+ 48. Ke2 R3d2+ 49. Kf3 1/2-1/2

[Event "Berkeley CC Christiansen FNM; 30/90, SD/"]
[Site "Berkeley"]
[Date "2012.06.08"]
[Round "5.2"]
[White "Chamberlain, Ethan"]
[Black "Cunningham, Robin"]
[Result "1/2-1/2"]
[WhiteElo "1972"]
[BlackElo "2260"]
[PlyCount "64"]
[EventDate "2012.??.??"]

1. e4 Nf6 2. e5 Nd5 3. d4 d6 4. Nf3 g6 5. g3 Bg4 6. Nbd2 dxe5 7. dxe5 Bg7 8. h3
Bf5 9. c3 c6 10. Bg2 Nd7 11. Qe2 Qc7 12. Nc4 Nc5 13. Nd6+ Kf8 14. Nxf5 gxf5 15.
O-O e6 16. c4 Ne7 17. b3 Nd7 18. Bb2 Ng6 19. Rfe1 c5 20. Rad1 Ke7 21. h4 h5 22.
Bh3 Kf8 23. Rd3 Rd8 24. Red1 Ke7 25. Bxf5 exf5 26. e6 Nde5 27. exf7 Rxd3 28.
Rxd3 Kxf7 29. Ng5+ Kg8 30. Ne6 Qe7 31. Rd8+ Kf7 32. Ng5+ Qxg5 {
remainder illegible} 1/2-1/2

[Event "Berkeley CS Rubinstein FNM; 30/90, SD/3"]
[Site "Berkeley"]
[Date "2011.08.05"]
[Round "2.6"]
[White "Chamberlain, Ethan"]
[Black "Genirberg, Richard"]
[Result "1-0"]
[WhiteElo "1931"]
[BlackElo "1404"]
[PlyCount "101"]
[EventDate "2011.??.??"]
[SourceDate "2007.10.22"]

1. e4 e5 2. Nf3 Nc6 3. Bc4 d6 4. d4 Nf6 5. dxe5 dxe5 6. Qxd8+ Nxd8 7. O-O Bc5
8. Nxe5 Nxe4 9. Nd3 Bf5 10. Re1 O-O 11. Rxe4 Bxe4 12. Nxc5 Bxc2 13. Nc3 b6 14.
Nd3 Nc6 15. Bd5 Bxd3 16. Bxc6 Rad8 17. Bf4 Bc4 18. Re1 Be6 19. a3 Rd3 20. Bb5
Rdd8 21. Bxc7 Rc8 22. Be5 Rfd8 23. Nb1 Rc5 24. Ba4 b5 25. b4 Rxe5 26. Rxe5 bxa4
27. Nc3 g6 28. g3 Rd3 29. Re3 Rxe3 30. fxe3 Bb3 31. Kf2 Kf8 32. Ke2 Ke7 33. Kd2
a6 34. Ne4 Bc4 35. Nc3 Bb5 36. Nxb5 axb5 37. Kd3 Ke6 38. Kd4 Kd6 39. g4 f6 40.
h4 Kc6 41. g5 f5 42. Ke5 Kd7 43. Kd5 Ke7 44. Kc5 Ke6 45. Kxb5 Ke5 46. Kc5 Ke4
47. b5 Kxe3 48. b6 f4 49. b7 f3 50. b8=Q f2 51. Qb5 1-0

[Event "Berkeley CC Christiansen FNM; 30/90, SD/"]
[Site "Berkeley"]
[Date "2012.06.15"]
[Round "6.1"]
[White "Chamberlain, Ethan"]
[Black "Hatarik, Robert"]
[Result "0-1"]
[WhiteElo "1972"]
[BlackElo "2088"]
[PlyCount "96"]
[EventDate "2012.??.??"]

1. e4 Nf6 2. e5 Nd5 3. d4 d6 4. Nf3 Bg4 5. Be2 c6 6. c4 Nb6 7. Nbd2 dxe5 8.
Nxe5 Bf5 9. Ndf3 f6 10. Nh4 fxe5 11. Nxf5 e6 12. Ng3 Qxd4 13. Qc2 Bb4+ 14. Kf1
O-O 15. Ne4 Na6 16. Bg5 Nc5 17. Nf6+ gxf6 18. Bh6 Qe4 19. Rc1 Qxc2 20. Rxc2
Ncd7 21. Bxf8 Kxf8 22. b3 e4 23. g3 Ne5 24. Kg2 Nbd7 25. Rd1 Nc5 26. h3 Ke7 27.
Rcc1 a5 28. Ra1 a4 29. a3 Bc3 30. Rac1 Bb2 31. Rc2 Bxa3 32. bxa4 Rxa4 33. Ra2
Bb4 34. Rb2 Ned3 35. Rbb1 Bc3 36. f3 Ra2 37. Kf1 Nb4 38. Kf2 e5 39. g4 Bd4+ 40.
Kf1 exf3 41. Bxf3 Rf2+ 42. Kg1 Rxf3+ 43. Kg2 Rf2+ 44. Kg3 Ne4+ 45. Kh4 Rf3 46.
Rxd4 exd4 47. Rxb4 Nf2 48. Rxb7+ Kd6 0-1

[Event "Berkeley CC De Firmian FNM; 30/90, SD/30"]
[Site "Berkeley"]
[Date "2012.05.04"]
[Round "6.2"]
[White "Chamberlain, Ethan"]
[Black "Karas, Nicholas"]
[Result "0-1"]
[WhiteElo "1936"]
[BlackElo "2099"]
[PlyCount "102"]
[EventDate "2012.??.??"]

1. e4 c5 2. Nf3 d6 3. d4 cxd4 4. Nxd4 Nf6 5. Nc3 a6 6. Be2 e5 7. Nb3 Be7 8. Bg5
Nbd7 9. a4 O-O 10. Bxf6 Nxf6 11. Bc4 Be6 12. Qd3 Rc8 13. Nd2 Qc7 14. Bb3 Qa5
15. O-O Qc5 16. Rfc1 Rfd8 17. Nd5 Bxd5 18. Bxd5 Nxd5 19. exd5 g6 20. c3 Qc7 21.
a5 f5 22. b3 Bg5 23. Nc4 Bxc1 24. Rxc1 Qc5 25. Qd2 f4 26. Qd3 Rc7 27. Ra1 Re8
28. Qe4 Rf7 29. Rd1 f3 30. g3 Qc8 31. Rd3 Ref8 32. Nd2 Qc5 33. b4 Qb5 34. Rxf3
Qa4 35. Rxf7 Rxf7 36. Kg2 Qd7 37. c4 Rf8 38. Qe3 Qf5 39. Ne4 Rd8 40. f3 Kg7 41.
Qb6 Rf8 42. Qe3 Qd7 43. Ng5 Rc8 44. Qd3 Qf5 45. Ne4 h6 46. g4 Qd7 47. Kg3 Rf8
48. c5 Qa4 49. Qc3 Qd1 50. Nxd6 Qxd5 51. Ne4 Qd4 {W time exp} 0-1

[Event "Berkeley CC Capablanca FNM; 30/90, SD/3"]
[Site "Berkeley"]
[Date "2011.10.14"]
[Round "5.6"]
[White "Chamberlain, Ethan"]
[Black "Kenny, Michael"]
[Result "1-0"]
[WhiteElo "1930"]
[BlackElo "1700"]
[PlyCount "67"]
[EventDate "2011.??.??"]
[SourceDate "2007.10.22"]

1. e4 e6 2. d4 d5 3. Nd2 Nf6 4. e5 Nfd7 5. Bd3 c5 6. c3 Nc6 7. Ne2 cxd4 8. cxd4
Be7 9. O-O Qb6 10. Nf3 h6 11. b3 Ndb8 12. Nc3 Na6 13. Na4 Qc7 14. Be3 b6 15.
Nc3 Bb7 16. Rc1 O-O-O 17. Nb5 Qb8 18. a3 Kd7 19. Nd2 Nc7 20. Nxc7 Qxc7 21. b4
Qb8 22. Qa4 Rde8 23. Rc3 f5 24. Rfc1 Qa8 25. Nf1 g5 26. f4 gxf4 27. Bxf4 Bg5
28. g3 Rhg8 29. Kf2 Bxf4 30. gxf4 Ke7 31. b5 Nxe5 32. Qb4+ Kd7 33. fxe5 Qb8 34.
Rc7+ 1-0

[Event "Berkeley CC Capablanca FNM; 30/90, SD/3"]
[Site "Berkeley"]
[Date "2011.09.16"]
[Round "1.9"]
[White "Chamberlain, Ethan"]
[Black "Landrum, Brett"]
[Result "1-0"]
[WhiteElo "1930"]
[BlackElo "1551"]
[PlyCount "51"]
[EventDate "2011.??.??"]
[SourceDate "2007.10.22"]

1. e4 d5 2. exd5 Qxd5 3. Nc3 Qa5 4. d4 c6 5. Nf3 Nf6 6. Bd2 Qc7 7. Bd3 Bg4 8.
h3 Bh5 9. g4 Bg6 10. Qe2 Nbd7 11. O-O-O e6 12. Kb1 Bxd3 13. Qxd3 h6 14. Rhe1
O-O-O 15. Ne4 Nd5 16. Qb3 Be7 17. c4 Nf4 18. Ne5 Ng6 19. Nxf7 Rdf8 20. Nxh8
Nxh8 21. d5 Nc5 22. Nxc5 Bxc5 23. dxe6 Rxf2 24. Be3 Rf3 25. Rd7 Qg3 26. Qxb7#
1-0

[Event "Berkeley CC De Firmian FNM; 30/90, SD/30"]
[Site "Berkeley"]
[Date "2012.04.06"]
[Round "2.3"]
[White "Chamberlain, Ethan"]
[Black "Landrum, Brett J"]
[Result "1-0"]
[WhiteElo "1936"]
[BlackElo "1533"]
[PlyCount "79"]
[EventDate "2012.??.??"]

1. e4 e5 2. Nf3 Nc6 3. Bc4 Bc5 4. b4 Bxb4 5. c3 Bc5 6. d4 exd4 7. cxd4 Bb4+ 8.
Kf1 Nge7 9. Qb3 Ba5 10. Bxf7+ Kf8 11. d5 Nb8 12. d6 cxd6 13. Bh5 Ng6 14. Ng5
Qe7 15. f4 Nc6 16. Ba3 Bc7 17. Bxg6 hxg6 18. Nc3 Qf6 19. g3 Ne7 20. Kg2 Ba5 21.
e5 Qf5 22. Nb5 d5 23. Bxe7+ Kxe7 24. Qa3+ Kd8 25. Qxa5+ b6 26. Qc3 Qg4 27. Qc7+
Ke8 28. Nd6+ Ke7 29. Rhe1 Ba6 30. Nb7 Bxb7 31. Qd6+ Ke8 32. Qxg6+ Ke7 33. Qxg7+
Kd8 34. Nf7+ Kc7 35. Rac1+ Bc6 36. Rxc6+ Kxc6 37. Qxg4 Rhg8 38. Rc1+ Kb7 39.
Qxd7+ Ka6 40. Nd6 1-0

[Event "Berkeley CC Ch2011 FNM; 30/90, SD/30"]
[Site "Berkeley"]
[Date "2011.12.16"]
[Round "7"]
[White "Chamberlain, Ethan"]
[Black "Li Jr, William"]
[Result "1-0"]
[WhiteElo "1925"]
[BlackElo "1637"]
[PlyCount "87"]
[EventDate "2011.??.??"]
[SourceDate "2007.10.22"]

1. e4 c6 2. d4 d5 3. Nc3 dxe4 4. Nxe4 Bf5 5. Ng3 Bg6 6. h4 h6 7. h5 Bh7 8. Nf3
Nd7 9. Bd3 Bxd3 10. Qxd3 Qc7 11. Bd2 Ngf6 12. O-O-O e6 13. Ne4 Nxe4 14. Qxe4
Nf6 15. Qe2 O-O-O 16. Kb1 Be7 17. c4 Ne8 18. Ne5 Bf6 19. Bf4 Nd6 20. c5 Nf5 21.
Ng6 Qa5 22. Nxh8 Rxh8 23. Be5 Bxe5 24. Qxe5 Qc7 25. g4 Qxe5 26. dxe5 Ne7 27.
Rd4 Nd5 28. Re1 Rd8 29. Kc1 Rd7 30. f4 Kd8 31. g5 Ke7 32. gxh6 gxh6 33. Rg1 Kf8
34. Kd2 Rd8 35. Ke2 Rd7 36. Kf3 Rd8 37. Rd2 Rd7 38. Rg4 a5 39. Rdg2 Ne7 40. Rg7
Rd5 41. Rh7 Nf5 42. Rh8+ Ke7 43. Rgg8 Rxc5 44. Rd8 1-0